<?xml version="1.0" encoding="UTF-8"?>
<record
    xmlns:xsi="http://www.w3.org/2001/XMLSchema-instance"
    xsi:schemaLocation="http://www.loc.gov/MARC21/slim http://www.loc.gov/standards/marcxml/schema/MARC21slim.xsd"
    xmlns="http://www.loc.gov/MARC21/slim">

  <leader>01148nam a22002657a 4500</leader>
  <controlfield tag="001">BRCA_9418</controlfield>
  <controlfield tag="003">FranzMayer</controlfield>
  <controlfield tag="005">20230918130156.0</controlfield>
  <controlfield tag="008">230906b        |||||||| |||| 00| 0 eng d</controlfield>
  <datafield tag="040" ind1=" " ind2=" ">
    <subfield code="a">MFM</subfield>
    <subfield code="b">ESPA&#xD1;OL</subfield>
    <subfield code="c">MFM</subfield>
  </datafield>
  <datafield tag="050" ind1=" " ind2="0">
    <subfield code="a">N5015</subfield>
    <subfield code="b">A44 1999</subfield>
  </datafield>
  <datafield tag="110" ind1="1" ind2=" ">
    <subfield code="4">Responsable</subfield>
    <subfield code="a">The American Federation of Art</subfield>
    <subfield code="9">29631</subfield>
  </datafield>
  <datafield tag="240" ind1=" " ind2=" ">
    <subfield code="a">90th Anniversary. The American Federation of  Art</subfield>
    <subfield code="h">Exhibitions Program 1999</subfield>
    <subfield code="l">Ingl&#xE9;s</subfield>
  </datafield>
  <datafield tag="245" ind1="0" ind2=" ">
    <subfield code="a">90th Anniversary. The American Federation of  Art</subfield>
    <subfield code="b">Exhibitions Program 1999</subfield>
  </datafield>
  <datafield tag="260" ind1=" " ind2=" ">
    <subfield code="a">EE.UU.</subfield>
    <subfield code="b">The American Federation of  Art</subfield>
    <subfield code="c">1999</subfield>
  </datafield>
  <datafield tag="300" ind1=" " ind2=" ">
    <subfield code="a">127 p</subfield>
    <subfield code="b">Ilustraciones a color</subfield>
    <subfield code="c">22 cm</subfield>
  </datafield>
  <datafield tag="500" ind1=" " ind2=" ">
    <subfield code="a">Anexo 1</subfield>
  </datafield>
  <datafield tag="505" ind1=" " ind2=" ">
    <subfield code="a">Texto en: ingl&#xE9;sIncluye &#xED;ndice tem&#xE1;ticoIncluye directorioDirigido a: historiadores de arte, artistas, personas con inter&#xE9;s en el arte estadounidense</subfield>
  </datafield>
  <datafield tag="650" ind1="1" ind2=" ">
    <subfield code="2">Artes visuales</subfield>
    <subfield code="a">Exhibiciones</subfield>
    <subfield code="v">Exhibiciones en EE.UU.</subfield>
    <subfield code="9">29632</subfield>
  </datafield>
  <datafield tag="651" ind1="2" ind2=" ">
    <subfield code="2">Estados Unidos de Am&#xE9;rica</subfield>
    <subfield code="a">The American Federation of Art</subfield>
    <subfield code="v">1999</subfield>
    <subfield code="9">29633</subfield>
  </datafield>
  <datafield tag="700" ind1="1" ind2=" ">
    <subfield code="4">Coord</subfield>
    <subfield code="a">Mitchell, Michaelyn</subfield>
    <subfield code="9">29634</subfield>
  </datafield>
  <datafield tag="700" ind1="1" ind2=" ">
    <subfield code="4">Dise&#xF1;o</subfield>
    <subfield code="a">Kelly, Jerry</subfield>
    <subfield code="9">29635</subfield>
  </datafield>
  <datafield tag="700" ind1="1" ind2=" ">
    <subfield code="4">Port</subfield>
    <subfield code="a">Degas, Edgar</subfield>
    <subfield code="9">29636</subfield>
  </datafield>
  <datafield tag="942" ind1=" " ind2=" ">
    <subfield code="2">lcc</subfield>
    <subfield code="c">B</subfield>
  </datafield>
  <datafield tag="999" ind1=" " ind2=" ">
    <subfield code="c">11040</subfield>
    <subfield code="d">11040</subfield>
  </datafield>
  <datafield tag="952" ind1=" " ind2=" ">
    <subfield code="0">0</subfield>
    <subfield code="1">0</subfield>
    <subfield code="2">lcc</subfield>
    <subfield code="4">0</subfield>
    <subfield code="7">0</subfield>
    <subfield code="8">FCON</subfield>
    <subfield code="a">BRCA</subfield>
    <subfield code="b">BRCA</subfield>
    <subfield code="d">2023-09-06</subfield>
    <subfield code="l">0</subfield>
    <subfield code="o">N5015 A44 1999</subfield>
    <subfield code="p">CONT10191</subfield>
    <subfield code="r">2023-09-06 00:00:00</subfield>
    <subfield code="w">2023-09-06</subfield>
    <subfield code="y">B</subfield>
  </datafield>
</record>
